Jugadores de la Liga 2025-26 Pt2 - Estadísticas

Estadísticas generales
  • Esta prueba ha sido intentada 42 veces
  • La puntuación promedio es 14 de 20
Estadísticas de respuestas
Imagen Respuesta % Correcto
Eric García
98%
Marcus Rashford
98%
Giovani Lo Celso
90%
Dro Fernández
85%
Nicolas Pépé
85%
Álvaro Valles
80%
Azzedine Ounahi
80%
Diego Rico
78%
Dimitri Foulquier
75%
Jon Aramburu
70%
Óscar Valentín
70%
Toni Lato
70%
Adama Boiro
68%
Lucien Agoumé
68%
Pep Chavarría
68%
Vladyslav Vanat
65%
Moi Gómez
63%
Josan Ferrández
43%
Pablo Campos
43%
Charles Pickel
33%
No se encontraron pruebas coincidentes
Distribución de puntuación
Porcentaje de gente con cada puntuación
Porcentaje por número respondido
Historial de tus puntuaciones
No has intentado esta prueba.